[Event "WLS-chT U1850"]
[Site "Wales"]
[Date "2023.02.19"]
[Round "1"]
[White "Stuart, Neil"]
[Black "Penny, Liam"]
[Result "1-0"]
[WhiteElo "1588"]
[BlackElo "1823"]
[PlyCount "71"]
[EventDate "2023.02.19"]
[EventType "team-tourn"]
[EventRounds "5"]
[EventCountry "WLS"]
[SourceTitle "EXT 2024"]
[Source "ChessBase"]
[SourceDate "2023.10.10"]
[SourceVersion "1"]
[SourceVersionDate "2023.10.10"]
[SourceQuality "1"]
[WhiteTeam "Morriston Minors"]
[BlackTeam "Panthers and Friends"]
[WhiteTeamCountry "WLS"]
[BlackTeamCountry "WLS"]

1. d4 d5 2. c4 e6 3. Nf3 Nf6 4. Nc3 h6 5. cxd5 exd5 6. Bf4 Bd6 7. Bxd6 Qxd6 8. e3 0-0 9. Bd3 c6 10. 0-0 Re8 11. Qc2 Qe7 12. Rab1 a5 13. a3 Ne4 14. Rfc1 Nd7 15. b4 axb4 16. axb4 b5 17. Bxe4 dxe4 18. Nd2 f5 19. Ne2 Bb7 20. Nb3 Rec8 21. Na5 Nb6 22. Nf4 Qf7 23. Qb3 Rxa5 24. Qxf7+ Kxf7 25. bxa5 Na4 26. d5 cxd5 27. Rxc8 Bxc8 28. Nxd5 Bd7 29. Kf1 g5 30. Nb6 Nxb6 31. axb6 Bc6 32. Ke1 Bb7 33. Rxb5 Ke6 34. g3 h5 35. Rc5 Kd6 36. Rxf5 1-0

[Event "WLS Under 1850 League"]
[Site "Wales"]
[Date "2020.01.26"]
[Round "1.15"]
[White "Penny, Liam"]
[Black "Chung, Daniel"]
[Result "0-1"]
[WhiteElo "1739"]
[BlackElo "1642"]
[PlyCount "56"]
[EventDate "2020.01.26"]
[EventType "team-tourn"]
[EventRounds "9"]
[EventCountry "WLS"]
[SourceTitle "EXT 2022"]
[Source "ChessBase"]
[SourceDate "2021.10.06"]
[SourceVersion "1"]
[SourceVersionDate "2021.10.06"]
[SourceQuality "1"]
[WhiteTeam "North Cardiff Dragon Slayers"]
[BlackTeam "West Wales Griffins"]
[WhiteTeamCountry "WLS"]
[BlackTeamCountry "WLS"]

1. d4 Nf6 2. Nf3 e6 3. e3 d5 4. Bd3 c5 5. b3 Nc6 6. 0-0 Bd7 7. Bb2 cxd4 8. exd4 Be7 9. Nbd2 0-0 10. a3 Re8 11. Ne5 Bd6 12. f4 Bc8 13. Rf3 Qb6 14. c3 Bxe5 15. fxe5 Nxe5 16. Rh3 Nxd3 17. Rxd3 e5 18. Kh1 exd4 19. Rxd4 Ne4 20. Nxe4 dxe4 21. Rd6 Qc7 22. Qd4 Qe7 23. c4 f6 24. Rf1 b6 25. Rf4 e3 26. Rdxf6 e2 27. Bc3 gxf6 28. Qxf6 Qxf6 0-1

[Event "West Wales Major op"]
[Site "Swansea"]
[Date "2019.10.13"]
[Round "5"]
[White "Horrell, Stephen A"]
[Black "Penny, Liam"]
[Result "1-0"]
[WhiteElo "1696"]
[BlackElo "1674"]
[PlyCount "97"]
[EventDate "2019.10.11"]
[EventType "swiss"]
[EventRounds "5"]
[EventCountry "WLS"]
[SourceTitle "EXT 2022"]
[Source "ChessBase"]
[SourceDate "2021.10.06"]
[SourceVersion "1"]
[SourceVersionDate "2021.10.06"]
[SourceQuality "1"]

1. e4 d5 2. exd5 Qxd5 3. Nc3 Qa5 4. d4 Nf6 5. Bc4 Bf5 6. Nf3 c6 7. Bd2 e6 8. Qe2 Bb4 9. 0-0 0-0 10. a3 Bxc3 11. Bxc3 Qc7 12. Rfe1 Nbd7 13. h3 Nb6 14. Bb3 Nbd5 15. Bd2 Ne4 16. Nh4 Nf4 17. Bxf4 Qxf4 18. Nxf5 exf5 19. Qe3 Qd6 20. f3 Nf6 21. Qe5 Rad8 22. c3 g6 23. Qxd6 Rxd6 24. Re7 Rd7 25. Rae1 Rfd8 26. Bxf7+ Kf8 27. Rxd7 Rxd7 28. Bb3 Nd5 29. Bxd5 Rxd5 30. f4 Kf7 31. Re5 Rd7 32. Kf2 Rd6 33. Ke3 Rd7 34. a4 b6 35. b4 a6 36. c4 Rc7 37. a5 b5 38. cxb5 cxb5 39. Rc5 Re7+ 40. Kd3 Re6 41. d5 Re4 42. Rc6 Rxb4 43. Rxa6 Ra4 44. Ra7+ Kf6 45. a6 h5 46. Ra8 Ke7 47. a7 Kd7 48. Rg8 Ra3+ 49. Kc2 1-0

[Event "West Wales Major op"]
[Site "Swansea"]
[Date "2019.10.12"]
[Round "2"]
[White "Penny, Liam"]
[Black "Chung, Daniel"]
[Result "1-0"]
[WhiteElo "1674"]
[BlackElo "1434"]
[PlyCount "101"]
[EventDate "2019.10.11"]
[EventType "swiss"]
[EventRounds "5"]
[EventCountry "WLS"]
[SourceTitle "EXT 2022"]
[Source "ChessBase"]
[SourceDate "2021.10.06"]
[SourceVersion "1"]
[SourceVersionDate "2021.10.06"]
[SourceQuality "1"]

1. d4 d5 2. Nf3 Nf6 3. e3 Bg4 4. h3 Bh5 5. g4 Bg6 6. Ne5 Nbd7 7. h4 h5 8. Nxg6 fxg6 9. g5 Ne4 10. Bd3 c5 11. f3 c4 12. Bxe4 dxe4 13. fxe4 Qc7 14. Qf3 e6 15. Nc3 Bb4 16. e5 Rf8 17. Qe2 Qc6 18. Rh2 Qf3 19. Qxf3 Rxf3 20. Ke2 Rf7 21. Bd2 Bxc3 22. Bxc3 0-0-0 23. Bb4 Nb6 24. Rf2 Rxf2+ 25. Kxf2 Nd5 26. Bd6 Re8 27. Ke2 Ne7 28. e4 Nc6 29. Ke3 Nd8 30. Rf1 Kd7 31. Bf8 Re7 32. Bxe7 Kxe7 33. d5 exd5 34. exd5 Nf7 35. Rxf7+ Kxf7 36. Kd4 Ke7 37. Kxc4 Kd7 38. Kc5 Kc7 39. e6 b6+ 40. Kd4 Kd6 41. c4 a5 42. a4 Ke7 43. Ke5 b5 44. cxb5 Kf8 45. b6 Kg8 46. e7 Kh7 47. b4 axb4 48. b7 b3 49. b8Q b2 50. e8Q b1Q 51. Qh8# 1-0

[Event "WLS-ch Seniors"]
[Site "Merthyr Tydfil"]
[Date "2019.09.28"]
[Round "3"]
[White "Phillips, William"]
[Black "Penny, Liam"]
[Result "0-1"]
[WhiteElo "1893"]
[BlackElo "1674"]
[PlyCount "65"]
[EventDate "2019.09.27"]
[EventType "swiss"]
[EventRounds "5"]
[EventCountry "WLS"]
[SourceTitle "EXT 2022"]
[Source "ChessBase"]
[SourceDate "2021.10.06"]
[SourceVersion "1"]
[SourceVersionDate "2021.10.06"]
[SourceQuality "1"]

1. d4 d5 2. Nf3 e6 3. c4 Be7 4. Nc3 Nf6 5. Bg5 h6 6. Bh4 0-0 7. e3 Nbd7 8. Bd3 dxc4 9. Bxc4 c5 10. 0-0 cxd4 11. exd4 Nd5 12. Bxe7 Nxe7 13. Rc1 Nb6 14. Bb3 Nbd5 15. Re1 b6 16. Qd3 Bb7 17. Bc2 Nf6 18. Nd2 Nf5 19. Nde4 Qxd4 20. Nxf6+ gxf6 21. Qb5 Qg4 22. Ne4 Kh8 23. f3 Qg7 24. Qd3 Rad8 25. Qc3 Nd4 26. Ng3 Rg8 27. Be4 Ba6 28. Kf2 f5 29. Bd3 Bxd3 30. Qxd3 f4 31. Qf1 fxg3+ 32. hxg3 Qxg3+ 33. Kg1 0-1

[Event "WLS-ch Seniors 4th"]
[Site "Merthyr Tydfil"]
[Date "2018.09.29"]
[Round "3"]
[White "Penny, Liam"]
[Black "O'Rourke, Kevin1111"]
[Result "1-0"]
[WhiteElo "1664"]
[BlackElo "1264"]
[PlyCount "111"]
[EventDate "2018.09.28"]
[EventType "swiss"]
[EventRounds "5"]
[EventCountry "WLS"]
[SourceTitle "EXT 2020"]
[Source "ChessBase"]
[SourceDate "2019.10.17"]
[SourceVersion "1"]
[SourceVersionDate "2019.10.17"]
[SourceQuality "1"]

1. d4 d5 2. Nf3 Nf6 3. e3 a6 4. Nbd2 e6 5. Bd3 Nc6 6. c3 Bd6 7. 0-0 Bd7 8. Qe2 Na7 9. e4 Bb5 10. Bxb5+ Nxb5 11. e5 Ne4 12. exd6 Nexd6 13. c4 dxc4 14. d5 Qe7 15. dxe6 0-0-0 16. Nxc4 Nf5 17. Bg5 f6 18. Bf4 g5 19. Bg3 h5 20. h4 g4 21. Nfd2 Nbd4 22. Qe4 Rde8 23. Rac1 Nxg3 24. fxg3 Qc5 25. Kh2 Rxe6 26. Qf4 Ne2 27. Nd6+ Qxd6 28. Qxd6 Rxd6 29. Rc2 Rhd8 30. Ne4 Nd4 31. Nxd6+ Rxd6 32. Rc4 f5 33. Rf4 Ne2 34. Rxf5 Rd2 35. Rf8+ Kd7 36. Rf7+ Ke6 37. Rcxc7 Rxb2 38. a4 Nd4 39. Rxb7 Ra2 40. Rfe7+ Kd6 41. Red7+ Kc6 42. Rbc7+ Kb6 43. Rc1 Rxa4 44. Rb1+ Nb5 45. Rd6+ Kc5 46. Rh6 Ra3 47. Rxh5+ Kd4 48. Rb4+ Kc3 49. Rxg4 Nd4 50. Rf4 a5 51. Rd5 Ra4 52. h5 Rc4 53. h6 Rc6 54. h7 Rh6+ 55. Rh4 Ra6 56. h8Q 1-0

[Event "South Wales New Year Major"]
[Site "Bridgend"]
[Date "2018.01.10"]
[Round "5"]
[White "Hurn, Robert AJ"]
[Black "Penny, Liam"]
[Result "1-0"]
[WhiteElo "1664"]
[BlackElo "1716"]
[PlyCount "103"]
[EventDate "2018.01.05"]
[EventType "swiss"]
[EventRounds "5"]
[EventCountry "WLS"]
[SourceTitle "EXT 2020"]
[Source "ChessBase"]
[SourceDate "2019.10.17"]
[SourceVersion "1"]
[SourceVersionDate "2019.10.17"]
[SourceQuality "1"]

1. d4 Nf6 2. c4 g6 3. f3 Bg7 4. e4 d6 5. Nc3 a6 6. Be3 c6 7. Qd2 b5 8. Bd3 bxc4 9. Bxc4 Nbd7 10. Nge2 Nb6 11. Bb3 a5 12. Na4 Nfd7 13. Rc1 Bb7 14. 0-0 0-0 15. Bh6 Bxh6 16. Qxh6 Ba6 17. Rfe1 Bb5 18. Nec3 Ba6 19. Kh1 Nc4 20. Bc2 Ncb6 21. b3 Qc7 22. Re3 c5 23. Nd5 Nxd5 24. exd5 Nf6 25. Be4 Bb7 26. Qg5 Nd7 27. Rec3 Rfe8 28. dxc5 dxc5 29. Nxc5 Nxc5 30. Rxc5 Qd6 31. Rc7 Qb4 32. Rxb7 Qxb7 33. d6 Qd7 34. Bxa8 Rxa8 35. Qxe7 Qxe7 36. dxe7 f5 37. Re1 Kf7 38. Kg1 Re8 39. Kf2 Rxe7 40. Rxe7+ Kxe7 41. Ke3 Kd6 42. Kd4 g5 43. g4 f4 44. h3 h6 45. a3 Kc6 46. Kc4 Kb6 47. b4 a4 48. b5 Ka5 49. Kc5 h5 50. b6 hxg4 51. hxg4 Ka6 52. Kc6 1-0

[Event "South Wales Autumn Premier op"]
[Site "Pencoed"]
[Date "2017.10.15"]
[Round "4"]
[White "Penny, Liam"]
[Black "Di Vetta, Andrew"]
[Result "0-1"]
[WhiteElo "1716"]
[BlackElo "1806"]
[PlyCount "58"]
[EventDate "2017.10.13"]
[EventType "swiss"]
[EventRounds "5"]
[EventCountry "WLS"]
[SourceTitle "EXT 2020"]
[Source "ChessBase"]
[SourceDate "2019.10.17"]
[SourceVersion "1"]
[SourceVersionDate "2019.10.17"]
[SourceQuality "1"]

1. d4 Nf6 2. Bf4 e6 3. e3 c6 4. c3 d5 5. Nd2 Be7 6. Bd3 0-0 7. Ngf3 Nbd7 8. h4 c5 9. Ne5 Qb6 10. b3 cxd4 11. exd4 Rd8 12. Rc1 Nf8 13. h5 Bd7 14. Ndf3 Rac8 15. g4 Ne4 16. Bxe4 dxe4 17. Ng5 Bxg5 18. Bxg5 f6 19. Nxd7 Nxd7 20. Be3 Ne5 21. 0-0 Nf3+ 22. Kg2 Qd6 23. Rh1 f5 24. g5 f4 25. Bd2 e5 26. Qe2 Nxg5 27. Qg4 h6 28. Rhd1 Qc6 29. dxe5 e3+ 0-1

[Event "South Wales Autumn Premier op"]
[Site "Pencoed"]
[Date "2017.10.14"]
[Round "3"]
[White "Bevan, Peter M"]
[Black "Penny, Liam"]
[Result "1-0"]
[WhiteElo "1965"]
[BlackElo "1716"]
[PlyCount "99"]
[EventDate "2017.10.13"]
[EventType "swiss"]
[EventRounds "5"]
[EventCountry "WLS"]
[SourceTitle "EXT 2020"]
[Source "ChessBase"]
[SourceDate "2019.10.17"]
[SourceVersion "1"]
[SourceVersionDate "2019.10.17"]
[SourceQuality "1"]

1. d4 g6 2. Nf3 Bg7 3. Nc3 d6 4. e4 Nc6 5. Be3 e5 6. d5 Nce7 7. Bb5+ Bd7 8. Qe2 a6 9. Bxd7+ Qxd7 10. 0-0 Nf6 11. h3 Nh5 12. Ne1 0-0-0 13. Nd3 f5 14. Bg5 Nf6 15. f3 Nh5 16. Qe3 Kb8 17. Ne2 f4 18. Qd2 h6 19. Bh4 g5 20. Bf2 Ng6 21. c4 Nf6 22. c5 h5 23. c6 Qc8 24. cxb7 Qxb7 25. Nb4 Ne7 26. Rac1 g4 27. Nc6+ Nxc6 28. dxc6 Qb5 29. Nxf4 exf4 30. Qd4 Qb6 31. Qxb6+ cxb6 32. c7+ Kb7 33. cxd8Q Rxd8 34. hxg4 hxg4 35. Bd4 g3 36. Rfd1 Ne8 37. Bxg7 Nxg7 38. Rd5 Ne6 39. Rh5 Rd7 40. Kf1 a5 41. Ke2 Nc5 42. Rf5 Ne6 43. Rf6 Re7 44. Rh1 Kc6 45. Rhh6 Kd7 46. Kd2 b5 47. b3 Re8 48. Rf7+ Re7 49. Rxe7+ Kxe7 50. Rh5 1-0

[Event "South Wales Autumn Premier op"]
[Site "Pencoed"]
[Date "2017.10.14"]
[Round "2"]
[White "Penny, Liam"]
[Black "Probert, Malcolm"]
[Result "1-0"]
[WhiteElo "1716"]
[BlackElo "1641"]
[PlyCount "61"]
[EventDate "2017.10.13"]
[EventType "swiss"]
[EventRounds "5"]
[EventCountry "WLS"]
[SourceTitle "EXT 2020"]
[Source "ChessBase"]
[SourceDate "2019.10.17"]
[SourceVersion "1"]
[SourceVersionDate "2019.10.17"]
[SourceQuality "1"]

1. c4 g6 2. g3 Bg7 3. Bg2 c5 4. Nc3 Nc6 5. a3 Rb8 6. Rb1 Nh6 7. b4 d6 8. Bb2 cxb4 9. axb4 a6 10. b5 axb5 11. Nxb5 Bxb2 12. Rxb2 Nf5 13. Nf3 0-0 14. e4 Ng7 15. 0-0 Ne6 16. d4 Nc7 17. Qd3 Na6 18. Re1 e5 19. Rd1 Qe7 20. Qa3 exd4 21. Nfxd4 Nc5 22. Nxc6 bxc6 23. Nxd6 Rxb2 24. Qxb2 Rd8 25. e5 Nd7 26. f4 f6 27. Bxc6 fxe5 28. Bxd7 Bxd7 29. Qxe5 Be6 30. c5 Qd7 31. Rb1 1-0